|
|
|
|
| LEADER |
00000nam a2200000 a 4500 |
| 001 |
vtls001364681 |
| 003 |
SK-MaSNL |
| 005 |
20260301160957.0 |
| 008 |
240315s1999 xo ad r yy slo |
| 015 |
|
|
|a SNBA1999/09-03324
|
| 020 |
|
|
|a 802240568X
|
| 035 |
|
|
|a SNK000318329
|
| 035 |
|
|
|a urn:nbn:sk:snk-amkqxx
|
| 035 |
|
|
|a urn:nbn:sk:snk-am005c6a
|
| 035 |
|
|
|a BB71E1F4-31DC-4A81-AA84-608D6327994C
|
| 040 |
|
|
|a SNK
|b slo
|c SNK
|e AACR2
|
| 041 |
0 |
|
|a slo
|
| 044 |
|
|
|a xo
|c SK
|
| 080 |
|
|
|a 902(437.622-22)"08/11"
|2 1981
|
| 100 |
1 |
|
|a Hanuliak, Milan,
|d 1951-
|4 aut
|9 102640
|
| 245 |
1 |
|
|a Pohrebisko v Čakajovciach (9.-12. storočie). Vyhodnotenie
|c Milan Hanuliak, Mária Rejholcová
|
| 260 |
|
|
|a Bratislava
|b Veda
|c 1999
|
| 300 |
|
|
|a 126 s.
|b sch.,
|c 29 cm
|
| 504 |
|
|
|a Res. nem. Bibliogr. s. 106-113
|
| 648 |
|
7 |
|a 9.-12. stor
|2 SNK
|9 523317
|
| 650 |
0 |
7 |
|a archeologické nálezy
|2 SNKPH
|9 4975
|
| 650 |
0 |
7 |
|a pohrebiská
|2 SNKPH
|9 30462
|
| 651 |
|
7 |
|a Čakajovce (Slovensko)
|2 SNK
|9 112594
|
| 655 |
|
7 |
|a príručky
|2 SNK
|9 74364
|
| 655 |
|
7 |
|a štúdie
|2 SNKPH
|9 57033
|
| 700 |
1 |
|
|a Rejholcová, Mária,
|d 1933-
|4 aut
|9 46495
|
| 919 |
|
|
|a 80-224-0568-X
|
| 958 |
|
|
|a TL
|
| 958 |
|
|
|a NB
|
| 999 |
|
|
|c 807641
|d 809571
|
| 952 |
|
|
|t P60, <03>, [BOOK], {603}
|a SNK
|b SNK
|y PREZ
|7 0
|p 17A0194530
|o snkSB 60517
|i snkKSP 6078/99
|0 0
|1 0
|4 0
|d 1999-06-04
|l 0
|r 2025-04-11 00:00:00
|w 2026-02-24
|
| 952 |
|
|
|a SNK
|b SNK
|y VYP
|7 0
|p 17A0194531
|o snkSB 60517 D1
|i snkKSP 6079/99
|0 0
|1 0
|4 0
|d 1999-06-04
|f 1
|l 0
|r 2005-01-02 00:00:00
|w 2026-02-24
|